Statistics for 10 Most Populous Majority Muslim Countries

Click here to take the quiz!

General Stats

  • This quiz has been taken 124 times
  • The average score is 8 of 10

Answer Stats

country% Correct
Iran
96%
Indonesia
93%
Egypt
90%
Iraq
90%
Pakistan
90%
Algeria
83%
Turkey
82%
Sudan
76%
Bangladesh
75%
Morocco
75%

Score Distribution

Percentile by Number Answered

Percent of People with Each Score

Your Score History

You have not taken this quiz